000 00344nam a22001457a 4500
003 OSt
005 20160727222402.0
008 160623b xxu||||| |||| 00| 0 eng d
040 _cTest
100 _9713
_aGinn
245 _aGinn mathematics
260 _aLandon
_b Ginn & comp
_c1983
300 _aGinn mathematics: Text book - 2
942 _2ddc
_cBK
999 _c579
_d579